000 02306nam0a2200385 4500
001 RU\NLR\BIBL_A\022513442
005 20260408222637.0
010 _a978-5-00008-099-3
_9200
035 _a(NLR Aleph) 022513442
090 _a13428518
_c13428518
100 _a20250404d2024 |||y0rusy50 ca
101 0 _arus
102 _aRU
105 _aabf z 000yy
181 0 _ai3
_baxxe
182 0 _an
200 1 _aКодификационно-семиотическая система мордовского этноса: прошлая и настоящая жизнь знака
_eмонография
_f[И. В. Зубов, Т. Н. Охотина, И. И. Шеянова и др.]
_gМордовская региональная общественная организация развития сельских территорий "Новое село"
203 _aТекст
_bвизуальный
_cнепосредственный
210 _aСаранск
_cНаучно-исследовательский институт гуманитарных наук при Правительстве Республика Мордовия
_d2024
215 _a150 с., [38] вкл. л. ил., цв. ил.
_cил., карты, цв. ил.
_d25
300 _aАвт. указаны в содерж.
320 _aБиблиогр. в конце разд.
606 1 _aТрадиционная культура
_yМордовия, Республика
_92364211
_3RU\NLR\AUTH\661411565
606 _aМордовские языки
_xТерминология вышивания
_3RU\NLR\AUTH\6601755970
_92667943
686 1 _aТ52(235=Мо)
686 1 _aШ166.31-34
701 1 _aЗубов
_bИ. В.
_gИгорь Васильевич
701 1 _aОхотина
_bТ. Н.
_gТатьяна Николаевна
701 1 _7ca
_8rus
_aШеянова
_bИ. И.
_gИрина Ивановна
_9190650
_3RU\NLR\AUTH\770190701
712 0 2 _4570
_a"Новое село", мордовская региональная общественная организация развития сельских территорий
_cс. Паракино
_3RU\NLR\AUTH\880626760
_92659128
942 _cBOOK
980 _aNB